[Event "Dhaka Elegant Aspirant 2nd"]
[Site "Dhaka"]
[Date "2024.02.21"]
[Round "1"]
[White "Panesar, Vedant"]
[Black "Setyaki, Azarya Jodi"]
[Result "1/2-1/2"]
[WhiteElo "2444"]
[BlackElo "2400"]
[PlyCount "58"]
[EventDate "2024.02.21"]
[EventType "tourn"]
[EventRounds "9"]
[EventCountry "BAN"]
[EventCategory "6"]
[SourceTitle "CB10_2024"]
[SourceDate "2024.03.06"]
[SourceVersion "1"]
[SourceVersionDate "2024.03.06"]
[SourceQuality "1"]

1. d4 d5 2. Nf3 c5 3. c4 e6 4. cxd5 exd5 5. Bg5 Nf6 6. Nc3 Be6 7. e3 c4 8. Be2 Bb4 9. 0-0 Nbd7 10. Ne5 0-0 11. Nxd7 Qxd7 12. Bxf6 gxf6 13. Bf3 Kg7 14. a4 b6 15. g3 a6 16. Qc2 Rab8 17. Rfd1 Bf5 18. Qc1 Bxc3 19. bxc3 Bd3 20. Qa3 Qf5 21. Bg2 b5 22. Rd2 a5 23. axb5 Rxb5 24. Bf1 Be4 25. Bg2 Bd3 26. Bf1 Be4 27. Bg2 Bd3 28. Bf1 Be4 29. Bg2 Rfb8 1/2-1/2

[Event "Budapest Vezerkepzo Fall GM"]
[Site "Budapest"]
[Date "2023.11.03"]
[Round "7"]
[White "Panesar, Vedant"]
[Black "Nesterov, Arseniy"]
[Result "0-1"]
[WhiteElo "2372"]
[BlackElo "2575"]
[PlyCount "88"]
[EventDate "2023.10.30"]
[EventType "tourn"]
[EventRounds "9"]
[EventCountry "HUN"]
[EventCategory "7"]
[SourceTitle "Mega2024 Update 01"]
[Source "Chessbase"]
[SourceDate "2023.11.12"]
[SourceVersion "1"]
[SourceVersionDate "2023.11.12"]
[SourceQuality "1"]

1. e4 c6 2. d4 d5 3. e5 c5 4. Nf3 Bg4 5. dxc5 Nc6 6. c3 e6 7. Be3 Nge7 8. Bb5 a6 9. Bxc6+ Nxc6 10. Bd4 Bxf3 11. Qxf3 b6 12. Qe3 Nxd4 13. Qxd4 Bxc5 14. Qg4 Qc7 15. Qg3 0-0 16. Nd2 b5 17. Rc1 Rac8 18. 0-0 Ba7 19. a3 a5 20. Kh1 b4 21. axb4 axb4 22. f4 Qb6 23. Rc2 bxc3 24. bxc3 Qe3 25. Qxe3 Bxe3 26. Rf3 d4 27. Nf1 d3 28. Ra2 Bc1 29. Rxd3 Bxf4 30. Ra5 Ra8 31. Rb5 Rfb8 32. c4 g6 33. g3 Bh6 34. Rxb8+ Rxb8 35. Ne3 Rc8 36. Ng4 Bc1 37. Rc3 Bb2 38. Rb3 Bd4 39. Rb4 Bc3 40. Ra4 Kg7 41. Kg2 h5 42. Nf6 Bxe5 43. Nd7 Bd6 44. c5 Rc7 0-1

[Event "Budapest Vezerkepzo Fall GM"]
[Site "Budapest"]
[Date "2023.11.02"]
[Round "6"]
[White "Jobava, Baadur"]
[Black "Panesar, Vedant"]
[Result "1-0"]
[WhiteElo "2581"]
[BlackElo "2372"]
[PlyCount "75"]
[EventDate "2023.10.30"]
[EventType "tourn"]
[EventRounds "9"]
[EventCountry "HUN"]
[EventCategory "7"]
[SourceTitle "Mega2024 Update 01"]
[Source "Chessbase"]
[SourceDate "2023.11.12"]
[SourceVersion "1"]
[SourceVersionDate "2023.11.12"]
[SourceQuality "1"]

1. Nf3 d5 2. c4 e6 3. g3 Nf6 4. Bg2 Be7 5. 0-0 0-0 6. Qc2 c5 7. d4 Nc6 8. dxc5 d4 9. a3 a5 10. Rd1 Bxc5 11. Nc3 Qe7 12. Na4 Ba7 13. Bg5 h6 14. Bxf6 Qxf6 15. c5 e5 16. Nd2 Bf5 17. Be4 Bg4 18. Nc4 Rad8 19. Rac1 Qe7 20. Bxc6 bxc6 21. Qe4 f5 22. Qxe5 Qxe5 23. Nxe5 Bxe2 24. Nxc6 Bxd1 25. Rxd1 Rd7 26. Nxa5 d3 27. b4 f4 28. Nb2 d2 29. Nb3 fxg3 30. hxg3 Rf3 31. Nxd2 Rxa3 32. Nbc4 Rc3 33. Ra1 Rc7 34. Ra5 Kf8 35. Ne5 Ke8 36. Ne4 Rc2 37. Nd6+ Kf8 38. Kg2 1-0

[Event "AI Cup Play In"]
[Site "Chess.com INT"]
[Date "2023.09.18"]
[Round "1"]
[White "Matlakov, Maxim"]
[Black "Panesar, Vedant"]
[Result "1-0"]
[WhiteElo "2674"]
[BlackElo "2372"]
[PlyCount "81"]
[EventDate "2023.09.18"]
[EventType "swiss (rapid)"]
[EventRounds "9"]
[EventCountry "USA"]
[SourceTitle "EXT 2024"]
[Source "ChessBase"]
[SourceDate "2023.10.10"]
[SourceVersion "1"]
[SourceVersionDate "2023.10.10"]
[SourceQuality "1"]

1. d4 Nf6 2. Nf3 d5 3. Bg5 Ne4 4. Bh4 c5 5. e3 Nc6 6. Nbd2 cxd4 7. exd4 Bg4 8. Be2 Nxd2 9. Qxd2 Qb6 10. c3 e6 11. 0-0 Bd6 12. Rfe1 0-0 13. Bg3 Bxg3 14. hxg3 Bxf3 15. gxf3 Rad8 16. Bd3 Qc7 17. f4 g6 18. Kg2 Kg7 19. Rh1 h5 20. Rae1 Rh8 21. Qe3 Ne7 22. a4 Ng8 23. Ra1 Nf6 24. a5 h4 25. Qe5 Rc8 26. Rxh4 Rxh4 27. gxh4 Qe7 28. h5 gxh5 29. Qg5+ Kf8 30. Re1 a6 31. f5 Rc6 32. Bc2 Qd8 33. Bd1 Ke7 34. Bxh5 Qh8 35. Bg4 Kf8 36. fxe6 Rc7 37. e7+ Rxe7 38. Rxe7 Kxe7 39. Qe5+ Kf8 40. Qb8+ Ne8 41. Bd7 1-0

[Event "AI Cup Play In"]
[Site "Chess.com INT"]
[Date "2023.09.18"]
[Round "2"]
[White "Panesar, Vedant"]
[Black "Bok, Benjamin"]
[Result "0-1"]
[WhiteElo "2372"]
[BlackElo "2621"]
[PlyCount "120"]
[EventDate "2023.09.18"]
[EventType "swiss (rapid)"]
[EventRounds "9"]
[EventCountry "USA"]
[SourceTitle "EXT 2024"]
[Source "ChessBase"]
[SourceDate "2023.10.10"]
[SourceVersion "1"]
[SourceVersionDate "2023.10.10"]
[SourceQuality "1"]

1. e4 c5 2. Nf3 d6 3. d4 cxd4 4. Nxd4 Nf6 5. Nc3 a6 6. f3 e5 7. Nb3 Be6 8. Be3 Be7 9. Qd2 0-0 10. 0-0-0 Nbd7 11. g4 b5 12. Rg1 Nb6 13. Na5 Qc7 14. g5 Nh5 15. Nd5 Nxd5 16. exd5 Bxd5 17. Qxd5 Qxa5 18. Bh3 g6 19. Bg4 Nf4 20. Bxf4 exf4 21. h4 Rfe8 22. Bd7 Red8 23. h5 Qb6 24. hxg6 hxg6 25. Rde1 Ra7 26. Bf5 Qc5 27. Be4 Rc7 28. Qb3 d5 29. Bd3 Bf8 30. Rg4 Re7 31. Rxe7 Bxe7 32. Kb1 Qe3 33. a4 Qxf3 34. Rg1 Qe3 35. Rf1 Bxg5 36. axb5 axb5 37. Qxb5 Kg7 38. Qa5 Bf6 39. Qb4 Rd6 40. Qxf4 Qxf4 41. Rxf4 Rb6 42. b4 Be5 43. Rg4 Kh6 44. b5 f5 45. Rg2 Rf6 46. Re2 Bd4 47. c4 dxc4 48. Bxc4 f4 49. Kc2 f3 50. Rh2+ Kg5 51. Kd3 Bb6 52. Rh1 Kf4 53. Bd5 Rd6 54. Kc4 g5 55. Rd1 Rf6 56. Kd3 g4 57. Rh1 Rd6 58. Kc4 g3 59. Rf1 Rxd5 60. Kxd5 g2 0-1

[Event "Abu Dhabi op 29th"]
[Site "Abu Dhabi"]
[Date "2023.08.23"]
[Round "8"]
[White "Arhan, Chethan Anand"]
[Black "Panesar, Vedant"]
[Result "1-0"]
[WhiteElo "2341"]
[BlackElo "2391"]
[PlyCount "89"]
[EventDate "2023.08.16"]
[EventType "swiss"]
[EventRounds "9"]
[EventCountry "UAE"]
[SourceTitle "EXT 2024"]
[Source "ChessBase"]
[SourceDate "2023.10.10"]
[SourceVersion "1"]
[SourceVersionDate "2023.10.10"]
[SourceQuality "1"]

1. e4 c5 2. Nf3 d6 3. d4 cxd4 4. Nxd4 Nf6 5. Nc3 a6 6. h3 Nc6 7. g4 g6 8. Be3 Bg7 9. Be2 0-0 10. g5 Nd7 11. Qd2 Nxd4 12. Bxd4 Bxd4 13. Qxd4 b5 14. 0-0-0 Bb7 15. h4 Qb6 16. Qd3 b4 17. Nd5 Bxd5 18. exd5 Ne5 19. Qg3 Rac8 20. h5 Qc5 21. Rd2 b3 22. Qxb3 Qxf2 23. hxg6 Qg2 24. Rhd1 Qxg5 25. gxh7+ Kh8 26. Kb1 Rb8 27. Qh3 a5 28. c3 a4 29. Ba6 a3 30. b3 Ng6 31. Qd3 Kxh7 32. Qd4 Qe5 33. Qg4 Qxc3 34. Bd3 Kg7 35. Rf2 Rb4 36. Qh5 Rh4 37. Qe2 Qe5 38. Qc2 Rf4 39. Rg2 Rf6 40. Rdg1 Qh5 41. Rg5 Qh6 42. Qg2 Rh8 43. Qe2 Qh2 44. Bxg6 Rxg6 45. Rxg6+ 1-0

[Event "Abu Dhabi op 29th"]
[Site "Abu Dhabi"]
[Date "2023.08.19"]
[Round "4"]
[White "Panesar, Vedant"]
[Black "Raja, Rithvik R"]
[Result "1/2-1/2"]
[WhiteElo "2391"]
[BlackElo "2502"]
[PlyCount "59"]
[EventDate "2023.08.16"]
[EventType "swiss"]
[EventRounds "9"]
[EventCountry "UAE"]
[SourceTitle "EXT 2024"]
[Source "ChessBase"]
[SourceDate "2023.10.10"]
[SourceVersion "1"]
[SourceVersionDate "2023.10.10"]
[SourceQuality "1"]

1. c4 e6 2. g3 d5 3. Bg2 Nf6 4. Nf3 dxc4 5. Qa4+ Nbd7 6. Qxc4 c5 7. Qc2 b6 8. Nc3 Bb7 9. 0-0 Rc8 10. Rd1 a6 11. d4 b5 12. dxc5 Bxc5 13. a3 Qb6 14. e3 0-0 15. Qe2 Rc7 16. Bd2 Rfc8 17. Be1 h6 18. Rac1 Be7 19. Qf1 Nc5 20. Nd4 Bxg2 21. Qxg2 Nce4 22. Nde2 Qb7 23. Nxe4 Qxe4 24. Rxc7 Rxc7 25. Qxe4 Nxe4 26. Nc3 Nf6 27. Ne2 Ne4 28. Nc3 Nf6 29. Ne2 Ne4 30. Nc3 1/2-1/2

[Event "Abu Dhabi op 29th"]
[Site "Abu Dhabi"]
[Date "2023.08.16"]
[Round "1"]
[White "Panesar, Vedant"]
[Black "Xu, Xiangyu"]
[Result "0-1"]
[WhiteElo "2391"]
[BlackElo "2608"]
[PlyCount "90"]
[EventDate "2023.08.16"]
[EventType "swiss"]
[EventRounds "9"]
[EventCountry "UAE"]
[SourceTitle "EXT 2024"]
[Source "ChessBase"]
[SourceDate "2023.10.10"]
[SourceVersion "1"]
[SourceVersionDate "2023.10.10"]
[SourceQuality "1"]

1. e4 c5 2. Nf3 d6 3. d4 cxd4 4. Nxd4 Nf6 5. Nc3 Bd7 6. Bg5 e6 7. Ndb5 Bxb5 8. Bxb5+ Nc6 9. Qf3 Be7 10. 0-0 0-0 11. Rfd1 Qc7 12. Be2 a6 13. Qg3 Rfd8 14. a4 Rac8 15. Rd2 Qa5 16. Bh6 Ne8 17. Rdd1 Qb4 18. Bd2 Bf6 19. Bd3 Qc5 20. a5 Be5 21. Qh4 Bf6 22. Qg3 Qh5 23. Be2 Qg6 24. Qh3 Bd4 25. Be1 Nf6 26. Ra4 Be5 27. Bf3 Nd7 28. Bh5 Qf6 29. Bd2 Nc5 30. Raa1 g6 31. Be2 h5 32. Rab1 Nxa5 33. f4 Bd4+ 34. Kh1 Nc6 35. Rf1 Qg7 36. f5 Re8 37. b4 Nd7 38. fxe6 fxe6 39. Bc4 Nd8 40. Qd3 Bf6 41. Rxf6 Nxf6 42. Rf1 Ng4 43. Nd5 exd5 44. Bc3 Ne5 45. Qxd5+ Kh7 0-1